Rhymes with 'Earth' Quiz Stats

 Plays Quiz Updated Apr 22, 2016

Also try: Rhymes with 'ICK'
Challenge
Share
Tweet
Embed
Score 0/7 Timer 01:00
7 Plays Today
% Correct
birth
90.2%
girth
84.3%
mirth
75.2%
worth
75.1%
firth
66.8%
dearth
58.6%
berth
52%

You're not logged in!

Compare scores with friends on all Sporcle quizzes.
Join for Free
OR
Log In

You Might Also Like...

Show Comments

Extras

Top Quizzes Today


Score Distribution

Your Account Isn't Verified!

In order to create a playlist on Sporcle, you need to verify the email address you used during registration. Go to your Sporcle Settings to finish the process.

Report this User

Report this user for behavior that violates our Community Guidelines.

Details: